000 00386nam a2200133Ia 4500
005 20260328104330.0
008 260328s9999||||xx |||||||||||||| ||und||
100 _aSaldarriaga Roa, Alberto
245 0 _a50 Años de Arquitectura en Bogotá 1970-2020 /
_cAlberto Saldarriaga Roa
260 _bSociedad Colombiana de Arquitectos
300 _a275 p.
650 _aCOLOMBIA
942 _cBK
999 _c11693
_d11693